Městská a obecní statistika (MOS) v České republice.
Predmet, funkcia a filozofia regionálnej štatistiky. Informačné služby, výstupy, obsah, organizácia, podmienky a časový postup mestskej a obecnej štatistiky a vonkajšie väzby tohoto systému. Spolupráca so zahraničím. Perspektívy ďalšieho vývoja.
Gespeichert in:
| 1. Verfasser: | |
|---|---|
| Format: | Buchkapitel |
| Sprache: | Tschechisch |
| Schlagworte: | |
| Tags: |
Keine Tags, Fügen Sie das erste Tag hinzu!
|
MARC
| LEADER | 00000naa a2200000 4500 | ||
|---|---|---|---|
| 001 | r006871 | ||
| 005 | 20221125081338.9 | ||
| 041 | 0 | |a cze | |
| 044 | |a [CS] | ||
| 245 | 1 | 0 | |a Městská a obecní statistika (MOS) v České republice. |c V. Ježdik |
| 520 | |a Predmet, funkcia a filozofia regionálnej štatistiky. Informačné služby, výstupy, obsah, organizácia, podmienky a časový postup mestskej a obecnej štatistiky a vonkajšie väzby tohoto systému. Spolupráca so zahraničím. Perspektívy ďalšieho vývoja. | ||
| 610 | 2 | 0 | |a štatistika |
| 610 | 2 | 0 | |a Čechy |
| 610 | 2 | 0 | |a organizácia štatistiky |
| 610 | 2 | 0 | |a služby informačné |
| 100 | 1 | |a Ježdik, V. | |